[Event "10th Open"]
[Site "Dubai UAE"]
[Date "2008.04.08"]
[Round "3"]
[White "AlHuwar, J."]
[Black "Khader, S."]
[Result "1/2-1/2"]
[WhiteElo "2274"]
[BlackElo "2427"]
[PlyCount "82"]
[EventDate "2008.04.07"]

1. e4 c5 2. Nf3 Nc6 3. d4 cxd4 4. Nxd4 e5 5. Nb5 d6 6. N1c3 a6 7. Na3 b5 8. Nd5
Nge7 9. c4 Nxd5 10. exd5 Nd4 11. cxb5 Qh4 12. Be3 Nf5 13. Qd2 Be7 14. Be2 O-O
15. O-O Nxe3 16. Qxe3 f5 17. f4 Bf6 18. Nc4 exf4 19. Qf3 axb5 20. Nxd6 Bxb2 21.
Rab1 Ra3 22. Bd3 Bd4+ 23. Kh1 Be5 24. Nxc8 Rxc8 25. d6 Kh8 26. d7 Rd8 27. Rxb5
Bc7 28. Rxf5 Rxd3 29. Qxd3 f3 30. g3 Bxg3 31. Qc2 f2 32. R5xf2 Bxf2 33. Qxf2
Qe7 34. Qf7 Qe4+ 35. Qf3 Qe7 36. Rd1 h6 37. Qd5 Qa3 38. Qe4 Kg8 39. Qe8+ Kh7
40. Qe4+ Kh8 41. Qe8+ Kh7 1/2-1/2

[Event "10th Open"]
[Site "Dubai UAE"]
[Date "2008.04.08"]
[Round "3"]
[White "Guseinov, G."]
[Black "Ramnath, B."]
[Result "1-0"]
[WhiteElo "2625"]
[BlackElo "2204"]
[PlyCount "35"]
[EventDate "2008.04.07"]

1. e4 c5 2. Nc3 Nc6 3. Nf3 e5 4. Bc4 Be7 5. d3 d6 6. O-O Nf6 7. Ng5 O-O 8. f4
Bg4 9. Qe1 exf4 10. Bxf4 Nd4 11. Qd2 Qd7 12. Be3 b5 13. Bxd4 bxc4 14. Bxf6 Bxf6
15. dxc4 h6 16. Rxf6 hxg5 17. Qxg5 Be6 18. b3 1-0

[Event "10th Open"]
[Site "Dubai UAE"]
[Date "2008.04.08"]
[Round "3"]
[White "Suresh, KT."]
[Black "Kalegin, E."]
[Result "0-1"]
[WhiteElo "2192"]
[BlackElo "2510"]
[PlyCount "92"]
[EventDate "2008.04.07"]

1. c4 e5 2. Nc3 d6 3. g3 g6 4. Bg2 Bg7 5. Nf3 Nf6 6. d3 h6 7. O-O Nc6 8. Rb1 a5
9. a3 O-O 10. b4 axb4 11. axb4 Be6 12. b5 Ne7 13. Bb2 Qd7 14. Re1 Bh3 15. Bh1
Ng4 16. Qb3 Kh8 17. Ra1 Rab8 18. Nd5 Nxd5 19. cxd5 f5 20. Qc4 g5 21. Rec1 Rf7
22. Ra7 f4 23. Qa4 Qd8 24. Qc4 Kg8 25. Bc3 c5 26. dxc6 Qb6 27. Bd4 exd4 28.
Rxb7 Rbxb7 29. cxb7 Nf6 30. Nd2 d5 31. Qc8+ Rf8 32. Qxh3 g4 33. Qf1 Qxb7 34.
Rb1 fxg3 35. hxg3 h5 36. b6 h4 37. gxh4 Bh6 38. Nc4 Qc8 39. Na5 Bf4 40. b7 Qc7
41. Qe1 g3 42. f3 Qh7 43. Nc6 Qxh4 44. Bg2 Qh2+ 45. Kf1 Be3 46. Ne7+ Kf7 0-1

[Event "10th Open"]
[Site "Dubai UAE"]
[Date "2008.04.08"]
[Round "3"]
[White "Sachdev, T."]
[Black "Ghader Pour, S."]
[Result "1-0"]
[WhiteElo "2423"]
[BlackElo "2177"]
[PlyCount "93"]
[EventDate "2008.04.07"]

1. d4 Nf6 2. c4 e6 3. Nc3 c5 4. d5 exd5 5. cxd5 d6 6. e4 a6 7. a4 g6 8. Bd3 Bg7
9. h3 O-O 10. Nf3 Nbd7 11. O-O Nh5 12. g4 Nhf6 13. Bf4 Qc7 14. Be2 Ne8 15. Nd2
Ne5 16. Be3 h6 17. f4 Nd7 18. Nf3 Rb8 19. Qd2 Kh7 20. Bf2 c4 21. Ba7 Ra8 22.
Bd4 Nc5 23. Bxg7 Nxg7 24. Bxc4 Nxe4 25. Nxe4 f5 26. Bd3 fxe4 27. Bxe4 Qe7 28.
Rae1 Qf6 29. Qd4 Bd7 30. b3 Qxd4+ 31. Nxd4 Rf6 32. Kg2 b5 33. a5 Rc8 34. Nc6
Re8 35. Kg3 Rf7 36. Bg2 Rff8 37. Nb4 Bc8 38. Rxe8 Rxe8 39. Kf2 Kg8 40. Rc1 Kf7
41. Rc7+ Kf8 42. Nc6 Be6 43. dxe6 Nxe6 44. Rh7 Kg8 45. Re7 Rxe7 46. Nxe7+ Kf7
47. Nd5 1-0

[Event "10th Open"]
[Site "Dubai UAE"]
[Date "2008.04.08"]
[Round "3"]
[White "Wang Li"]
[Black "Mari Ooriad, P."]
[Result "1-0"]
[WhiteElo "2407"]
[BlackElo "2165"]
[PlyCount "82"]
[EventDate "2008.04.07"]

1. e4 e5 2. Nf3 d6 3. d4 exd4 4. Nxd4 Nf6 5. Nc3 Be7 6. Bc4 O-O 7. O-O c6 8.
Bb3 Na6 9. Bf4 Nc5 10. Re1 a5 11. Bc4 Re8 12. Qd2 Bf8 13. f3 Qb6 14. Be3 Qc7
15. a4 Nfd7 16. Rad1 Ne5 17. Bf1 Bd7 18. Qf2 Rad8 19. Rd2 Bc8 20. Red1 Qe7 21.
Qg3 Kh8 22. Kh1 f6 23. Bg1 Qf7 24. b3 Qe7 25. Qf2 g6 26. h3 Bg7 27. Bh2 Qf8 28.
Re2 Nf7 29. Qe1 Qe7 30. g4 Ne6 31. Nd5 Qd7 32. Nxe6 Rxe6 33. Nb6 Qe8 34. Qxa5
Re5 35. Qb4 Be6 36. f4 Rc5 37. f5 Bc8 38. Nxc8 Rxc8 39. Bxd6 Re5 40. Bxe5 Qxe5
41. Qxb7 Re8 1-0

[Event "10th Open"]
[Site "Dubai UAE"]
[Date "2008.04.08"]
[Round "3"]
[White "Saeed, I."]
[Black "Mas, H."]
[Result "0-1"]
[WhiteElo "2174"]
[BlackElo "2396"]
[PlyCount "124"]
[EventDate "2008.04.07"]

1. d4 Nf6 2. c4 c5 3. d5 b5 4. cxb5 a6 5. bxa6 g6 6. Nc3 Bxa6 7. e4 Bxf1 8.
Kxf1 d6 9. Nf3 Bg7 10. g3 O-O 11. Kg2 Nbd7 12. h3 Qa5 13. Re1 Rfd8 14. Qc2 Nb6
15. Bd2 Nc4 16. b3 Na3 17. Qc1 Qa6 18. Na4 Nb5 19. Bh6 Bh8 20. Qc4 Nd7 21. Rac1
Qb7 22. Bf4 Rdc8 23. e5 Na3 24. Qe4 dxe5 25. Bxe5 f5 26. Qd3 c4 27. bxc4 Nxe5
28. Qxa3 Nxf3 29. Kxf3 Qa7 30. Rxe7 Qxa4 31. Qe3 Qa3 32. Rc2 Bd4 33. Qxa3 Rxa3+
34. Kg2 Bf6 35. Rb7 Ra5 36. d6 Rac5 37. d7 Rd8 38. a4 Be7 39. Ra7 Kf7 40. a5
Rc6 41. Re2 Bc5 42. Rb7 Rd6 43. Rb5 Ba7 44. c5 R6xd7 45. c6 Re7 46. Rb7 Rc8 47.
Rd2 Rxc6 48. Rdd7 Bc5 49. h4 Ra6 50. Rxe7+ Bxe7 51. Rb5 Ra7 52. h5 Bd8 53. Rd5
Bxa5 54. hxg6+ hxg6 55. g4 fxg4 56. Rg5 Bb6 57. Rxg4 Ra2 58. Rf4+ Ke6 59. Rf8
Bc5 60. Rf3 Ke5 61. Rc3 Bd4 62. Rc8 Rxf2+ 0-1

[Event "10th Open"]
[Site "Dubai UAE"]
[Date "2008.04.08"]
[Round "3"]
[White "Al Sulaiti, A."]
[Black "Durarbeyli, V."]
[Result "1/2-1/2"]
[WhiteElo "1587"]
[BlackElo "2384"]
[PlyCount "58"]
[EventDate "2008.04.07"]

1. d4 Nf6 2. Bg5 e6 3. e3 c5 4. c3 Qb6 5. Qc2 d5 6. Nd2 Nc6 7. Ngf3 Bd7 8. Ne5
Rc8 9. Bxf6 gxf6 10. Nxd7 Kxd7 11. e4 cxd4 12. exd5 exd5 13. Be2 Kc7 14. O-O
Kb8 15. Qf5 Bd6 16. Nb3 dxc3 17. bxc3 Qc7 18. g3 h5 19. Nd4 Be5 20. Nb5 Qa5 21.
Rfb1 a6 22. a4 axb5 23. axb5 Qxc3 24. bxc6 Qxc6 25. Ra6 Qc5 26. Rab6 Rc7 27.
Ba6 Ka7 28. Bxb7 Qxb6 29. Rxb6 Kxb6 1/2-1/2

[Event "10th Open"]
[Site "Dubai UAE"]
[Date "2008.04.08"]
[Round "3"]
[White "Ravi, L."]
[Black "Saud, M."]
[Result "1-0"]
[WhiteElo "2382"]
[BlackElo "2158"]
[PlyCount "99"]
[EventDate "2008.04.07"]

1. c4 c5 2. Nf3 g6 3. e3 Bg7 4. d4 Nf6 5. Nc3 O-O 6. Be2 d5 7. O-O cxd4 8. exd4
Nc6 9. h3 Bf5 10. Be3 Rc8 11. c5 Ne4 12. Qa4 Qd7 13. Rfd1 a6 14. Qa3 Nxc3 15.
Qxc3 Rfd8 16. Rac1 Qc7 17. b4 Be4 18. Qd2 e5 19. dxe5 Nxe5 20. Nxe5 Bxe5 21.
Bd4 Bh2+ 22. Kh1 Bf4 23. Be3 Be5 24. Bg4 f5 25. Be2 d4 26. Bc4+ Kh8 27. Bg5 Qc6
28. f3 Bd5 29. Bxd8 Rxd8 30. Re1 Qc7 31. Qg5 Bxc4 32. Rxe5 Qxe5 33. Qxd8+ Bg8
34. Qd6 Qg7 35. Rd1 Bxa2 36. Qxd4 Be6 37. Qxg7+ Kxg7 38. Rd6 Kf7 39. Rb6 Bd5
40. Rd6 Bc6 41. Kg1 Ke7 42. f4 Be4 43. Kf2 Bc6 44. h4 Kf7 45. g3 h5 46. Ke3 Be4
47. Kd4 Bc6 48. Ke5 Bb5 49. Rf6+ Kg7 50. Rb6 1-0

[Event "10th Open"]
[Site "Dubai UAE"]
[Date "2008.04.08"]
[Round "3"]
[White "Zhang Jilin"]
[Black "Chaichi, N."]
[Result "1-0"]
[WhiteElo "2361"]
[BlackElo "2134"]
[PlyCount "63"]
[EventDate "2008.04.07"]

1. e4 c5 2. Nf3 Nc6 3. Bb5 e6 4. O-O Nge7 5. Re1 Qb6 6. Bf1 d5 7. e5 Ng6 8. c3
f6 9. exf6 gxf6 10. d4 cxd4 11. cxd4 Bg7 12. Nc3 O-O 13. h4 Nge7 14. Bd3 Kh8
15. Bb1 Qd8 16. Qd3 f5 17. Bg5 Qe8 18. Nb5 Qg6 19. Qe3 Bd7 20. Bd3 h6 21. Bxe7
Nxe7 22. Nc7 f4 23. Qe2 Nf5 24. Nxa8 Rxa8 25. Ne5 Qe8 26. Bxf5 exf5 27. Qf3 Rc8
28. Qxf4 Rc2 29. Rac1 Rxb2 30. Nxd7 Qxd7 31. Rc7 Qd8 32. Ree7 1-0

[Event "10th Open"]
[Site "Dubai UAE"]
[Date "2008.04.08"]
[Round "3"]
[White "Mroweh, H."]
[Black "Sergeeva, M."]
[Result "0-1"]
[WhiteElo "2095"]
[BlackElo "2317"]
[PlyCount "66"]
[EventDate "2008.04.07"]

1. d4 Nf6 2. Nf3 g6 3. e3 Bg7 4. Be2 O-O 5. O-O d6 6. b3 Nc6 7. Bb2 Nd7 8. c4
e5 9. Nc3 f5 10. dxe5 dxe5 11. Qd2 e4 12. Nd4 Nde5 13. Nd5 Qg5 14. Kh1 Nxd4 15.
Bxd4 c6 16. Qb2 f4 17. exf4 Rxf4 18. Nxf4 Qxf4 19. g3 Qg5 20. f4 exf3 21. Bxf3
Bh3 22. Bg2 Bg4 23. Qc1 Qh5 24. Qe3 Re8 25. Rae1 h6 26. Ba1 Kh7 27. Bxe5 Rxe5
28. Qxa7 Re2 29. Rxe2 Bxe2 30. Re1 Bf3 31. Qxb7 Qf5 32. Qe7 h5 33. h3 Qxh3+ 0-1

[Event "10th Open"]
[Site "Dubai UAE"]
[Date "2008.04.09"]
[Round "4"]
[White "Tissir, M."]
[Black "Smokina, K."]
[Result "1/2-1/2"]
[WhiteElo "2428"]
[BlackElo "2234"]
[PlyCount "65"]
[EventDate "2008.04.07"]

1. e4 c5 2. Nf3 Nc6 3. Bb5 g6 4. O-O Bg7 5. c3 Nf6 6. e5 Nd5 7. d4 cxd4 8. cxd4
O-O 9. Nc3 Nxc3 10. bxc3 d6 11. exd6 Qxd6 12. a4 Bg4 13. h3 Bxf3 14. Qxf3 Rac8
15. a5 a6 16. Ba3 Qf6 17. Qxf6 Bxf6 18. Bxc6 Rxc6 19. Bc5 Rd8 20. f4 e6 21.
Rab1 Rd7 22. Rb3 Bd8 23. Ra1 f6 24. Kf2 e5 25. fxe5 fxe5 26. Ke3 Re6 27. Kd3
exd4 28. cxd4 Rf6 29. Kc4 Rf2 30. g4 h5 31. gxh5 gxh5 32. Rg1+ Kh7 33. Re3
1/2-1/2

[Event "10th Open"]
[Site "Dubai UAE"]
[Date "2008.04.09"]
[Round "4"]
[White "Guliev, L."]
[Black "Soozankar, A."]
[Result "1/2-1/2"]
[WhiteElo "2434"]
[BlackElo "2221"]
[PlyCount "93"]
[EventDate "2008.04.07"]

1. e4 c5 2. Nf3 d6 3. d4 cxd4 4. Nxd4 Nf6 5. Nc3 g6 6. Bc4 Bg7 7. O-O O-O 8. h3
Nc6 9. Re1 Bd7 10. Bg5 Qa5 11. Nxc6 Bxc6 12. Qd2 Rfe8 13. Rad1 Rac8 14. Bb3 Nd7
15. Qf4 e6 16. Qh4 Nc5 17. f3 b5 18. Kh1 b4 19. Ne2 Nxb3 20. axb3 Bxb2 21. Nd4
Bc3 22. e5 Bxe1 23. Rxe1 Qc5 24. Bh6 f6 25. Qxf6 Rc7 26. exd6 Rf7 27. Qe5 Qxe5
28. Rxe5 Bd5 29. Bg5 Rd7 30. Be7 Kf7 31. Kg1 a5 32. f4 a4 33. bxa4 Ra8 34. g4
Rxa4 35. f5 gxf5 36. gxf5 b3 37. Nxb3 Bxb3 38. cxb3 Ra1+ 39. Kg2 exf5 40. Rxf5+
Ke6 41. Rf6+ Kd5 42. Rf5+ Kc6 43. b4 Rb7 44. b5+ Kd7 45. Rh5 Rb1 46. Rxh7 R7xb5
47. Rf7 1/2-1/2

[Event "10th Open"]
[Site "Dubai UAE"]
[Date "2008.04.09"]
[Round "4"]
[White "Khader, S."]
[Black "Antonio, V."]
[Result "1/2-1/2"]
[WhiteElo "2427"]
[BlackElo "2127"]
[PlyCount "73"]
[EventDate "2008.04.07"]

1. e4 c5 2. c3 Nf6 3. e5 Nd5 4. d4 cxd4 5. Nf3 Nc6 6. cxd4 d6 7. Nc3 Nxc3 8.
bxc3 Bg4 9. Qb3 Bxf3 10. gxf3 Qb6 11. Qxb6 axb6 12. Rb1 e6 13. Rxb6 dxe5 14.
Bb5 O-O-O 15. Bxc6 bxc6 16. dxe5 Kc7 17. Be3 Be7 18. Ke2 Ra8 19. Rb2 Rhb8 20.
Rd2 Ra3 21. Rhd1 Rd8 22. Rc2 Rd5 23. Rxd5 exd5 24. f4 g6 25. Kd3 h5 26. Rb2 Bf8
27. Re2 Kd7 28. Bc1 Ra4 29. Ke3 Ke6 30. Kf3 Kf5 31. Be3 Bh6 32. Rd2 Ra3 33. c4
Bxf4 34. cxd5 Bxe3 35. fxe3 cxd5 36. Rxd5 Rxa2 37. h4 1/2-1/2

[Event "10th Open"]
[Site "Dubai UAE"]
[Date "2008.04.09"]
[Round "4"]
[White "Sergeeva, M."]
[Black "Wang Li"]
[Result "0-1"]
[WhiteElo "2317"]
[BlackElo "2407"]
[PlyCount "84"]
[EventDate "2008.04.07"]

1. e4 c5 2. Nf3 e6 3. d4 cxd4 4. Nxd4 a6 5. Bd3 Qb6 6. Nb3 Qc7 7. Be3 Nf6 8. f4
d6 9. Qf3 Nc6 10. N1d2 b5 11. a3 Bb7 12. g4 d5 13. g5 dxe4 14. Nxe4 Nd5 15.
O-O-O O-O-O 16. Kb1 Nxe3 17. Qxe3 Ne7 18. c4 Nf5 19. Qe2 Qxf4 20. cxb5 Rxd3 21.
Rxd3 Bxe4 22. Rc1+ Kb8 23. Ka2 Bxd3 24. Qxd3 Qd6 25. Qc4 Be7 26. bxa6 Ka7 27.
Qe4 Rb8 28. Na5 Nd4 29. Nc6+ Nxc6 30. Rxc6 Qd7 31. Qc4 Bd8 32. b4 Bb6 33. b5
Rd8 34. a4 Qd2+ 35. Qc2 e5 36. Qxd2 Rxd2+ 37. Kb3 e4 38. Rc8 Rd8 39. Rc4 Re8
40. Kb4 e3 41. a5 e2 42. axb6+ Kxb6 0-1

[Event "10th Open"]
[Site "Dubai UAE"]
[Date "2008.04.09"]
[Round "4"]
[White "Ramaswamy, A."]
[Black "Frhat, A."]
[Result "0-1"]
[WhiteElo "2298"]
[BlackElo "2393"]
[PlyCount "90"]
[EventDate "2008.04.07"]

1. e4 c5 2. Nf3 Nc6 3. d4 cxd4 4. Nxd4 Nf6 5. Nc3 d6 6. Bg5 Qb6 7. Nb3 e6 8.
Qd2 a6 9. O-O-O Qc7 10. f4 Bd7 11. Be2 O-O-O 12. Bxf6 gxf6 13. Bh5 Be8 14. Kb1
Kb8 15. Rhf1 Na5 16. Nxa5 Qxa5 17. Qe2 Rc8 18. Qf3 f5 19. exf5 Bg7 20. Rd3 Qxf5
21. Qg4 Qxg4 22. Bxg4 Rg8 23. Bf3 d5 24. Ne2 Rc4 25. Re1 Bb5 26. g3 Rgc8 27.
Rd2 a5 28. a3 Bd7 29. c3 b5 30. Rc1 b4 31. cxb4 axb4 32. Rxc4 Rxc4 33. axb4
Rxb4 34. Nc1 Ba4 35. Nd3 Rd4 36. Kc1 Rc4+ 37. Kb1 Rc7 38. Ne5 Bf8 39. f5 Bb4
40. Rg2 Bb3 41. fxe6 fxe6 42. Bg4 Bd6 43. Re2 Bd1 44. Re1 Bc2+ 45. Kc1 Be4+ 0-1

[Event "10th Open"]
[Site "Dubai UAE"]
[Date "2008.04.09"]
[Round "4"]
[White "Momeni, E."]
[Black "Ravi, L."]
[Result "1/2-1/2"]
[WhiteElo "2253"]
[BlackElo "2382"]
[PlyCount "55"]
[EventDate "2008.04.07"]

1. d4 Nf6 2. Nf3 g6 3. c4 Bg7 4. Nc3 O-O 5. e4 d6 6. Be2 Nbd7 7. Be3 e5 8. O-O
Ng4 9. Bg5 f6 10. Bh4 Nh6 11. Qd2 c6 12. Rad1 Qe7 13. c5 dxc5 14. dxe5 Nxe5 15.
Nxe5 Qxe5 16. Bg3 Qe6 17. Qd6 Qxd6 18. Bxd6 Re8 19. Bc4+ Be6 20. Bxe6+ Rxe6 21.
Bxc5 f5 22. Bd4 Re7 23. Bxg7 Kxg7 24. Rfe1 Rae8 25. f3 Nf7 26. Kf2 Kf6 27. b3
b6 28. Rd2 1/2-1/2

[Event "10th Open"]
[Site "Dubai UAE"]
[Date "2008.04.09"]
[Round "4"]
[White "Hassan, Ab"]
[Black "Al Sulaiti, A."]
[Result "1-0"]
[WhiteElo "2352"]
[BlackElo "1587"]
[PlyCount "69"]
[EventDate "2008.04.07"]

1. d4 Nf6 2. Nf3 g6 3. c4 Bg7 4. g3 O-O 5. Bg2 d6 6. O-O Nc6 7. Nc3 a6 8. d5
Na5 9. b3 c5 10. dxc6 Nxc6 11. Bb2 Rb8 12. Nd5 Nh5 13. Bxg7 Nxg7 14. Qd2 Bg4
15. h3 Bxf3 16. Bxf3 e6 17. Nc3 Qa5 18. Rfd1 Rfd8 19. Ne4 Qe5 20. Bg2 Nf5 21.
f4 Qg7 22. g4 d5 23. cxd5 exd5 24. Nc5 Ng3 25. Kf2 Ne4+ 26. Bxe4 dxe4 27. Qe3
Nb4 28. Qxe4 Qc3 29. Rac1 Qxh3 30. Rh1 Qxg4 31. Qxb4 Re8 32. Rc2 Rbc8 33. Qd4
Rcd8 34. Qf6 Re3 35. Qxd8+ 1-0

[Event "10th Open"]
[Site "Dubai UAE"]
[Date "2008.04.10"]
[Round "5"]
[White "Guseinov, G."]
[Black "Hassan, Ab"]
[Result "1-0"]
[WhiteElo "2625"]
[BlackElo "2352"]
[PlyCount "61"]
[EventDate "2008.04.07"]

1. e4 e6 2. Nf3 d5 3. Nc3 Nf6 4. e5 Nfd7 5. d4 c5 6. dxc5 Nc6 7. Bf4 Bxc5 8.
Bd3 f6 9. exf6 Nxf6 10. Qe2 O-O 11. O-O-O Bd7 12. Ne5 Nxe5 13. Bxe5 a6 14. Kb1
b5 15. g4 Be8 16. g5 Bh5 17. f3 Nd7 18. Bxg7 Kxg7 19. Qxe6 Bg6 20. Bxg6 hxg6
21. Rxd5 Rf7 22. Rhd1 Qe7 23. Qxd7 Qxd7 24. Rxd7 Ra7 25. Rxf7+ Rxf7 26. Ne4 Be7
27. Rd7 Kf8 28. Nf6 Bxf6 29. Rxf7+ Kxf7 30. gxf6 Kxf6 31. Kc1 1-0

[Event "10th Open"]
[Site "Dubai UAE"]
[Date "2008.04.10"]
[Round "5"]
[White "Safarli, E."]
[Black "Bajarani, I."]
[Result "1-0"]
[WhiteElo "2524"]
[BlackElo "2345"]
[PlyCount "79"]
[EventDate "2008.04.07"]

1. e4 e5 2. Nf3 Nc6 3. Bb5 a6 4. Ba4 Nf6 5. Nc3 b5 6. Bb3 Be7 7. a4 b4 8. Nd5
O-O 9. Nxf6+ Bxf6 10. O-O Bb7 11. Bd5 Na5 12. Bxb7 Nxb7 13. d4 d6 14. dxe5 dxe5
15. Qe2 Qd6 16. b3 Qc6 17. Bb2 Rfe8 18. Rad1 Re6 19. Rd5 Rae8 20. Rfd1 Nd6 21.
Ne1 Nb7 22. Nd3 a5 23. g3 g6 24. h4 Bg7 25. Ne1 f6 26. h5 Rd6 27. hxg6 hxg6 28.
Qg4 Kf7 29. Nf3 Rxd5 30. Rxd5 g5 31. Bxe5 fxe5 32. Nxg5+ Ke7 33. Ne6 Bf6 34.
Ng7 Rd8 35. Nf5+ Kf7 36. Nh6+ Ke7 37. Qg6 Rf8 38. Nf5+ Ke6 39. Ng7+ Ke7 40.
Rxe5+ 1-0

[Event "10th Open"]
[Site "Dubai UAE"]
[Date "2008.04.10"]
[Round "5"]
[White "El Taher, F."]
[Black "Momeni, E."]
[Result "1/2-1/2"]
[WhiteElo "2486"]
[BlackElo "2253"]
[PlyCount "94"]
[EventDate "2008.04.07"]

1. e4 c5 2. Nf3 d6 3. d4 cxd4 4. Nxd4 Nf6 5. Nc3 Nc6 6. Bg5 e6 7. Qd2 Nxd4 8.
Qxd4 Bd7 9. O-O-O Qa5 10. f4 Be7 11. Kb1 Bc6 12. Be2 O-O 13. Bf3 Rfd8 14. Rhe1
Rac8 15. g4 h6 16. Bh4 e5 17. fxe5 dxe5 18. Qe3 Rxd1+ 19. Rxd1 Bc5 20. Qd3 Bd4
21. Bxf6 gxf6 22. Nd5 Bxd5 23. exd5 Qb6 24. Qb3 Qxb3 25. axb3 Rd8 26. b4 b6 27.
c3 Be3 28. Kc2 Kf8 29. Kd3 Bf4 30. c4 e4+ 31. Bxe4 Bd6 32. Ra1 Rd7 33. Ra4 Rc7
34. h4 Ke7 35. Bf5 Ke8 36. h5 Rb7 37. Bc8 Re7 38. c5 bxc5 39. Ra6 c4+ 40. Kxc4
Rc7+ 41. Kb3 Ke7 42. Bf5 Rb7 43. Ra4 Bc7 44. Bd3 Bb6 45. Ra1 Kd6 46. Rd1 Bd4
47. Bc4 Re7 1/2-1/2

[Event "10th Open"]
[Site "Dubai UAE"]
[Date "2008.04.10"]
[Round "5"]
[White "Antonio, V."]
[Black "Kalegin, E."]
[Result "0-1"]
[WhiteElo "2127"]
[BlackElo "2510"]
[PlyCount "58"]
[EventDate "2008.04.07"]

1. e4 c5 2. Nc3 a6 3. f4 e6 4. Nf3 b5 5. g3 Bb7 6. d3 d5 7. e5 Nc6 8. Bg2 Nge7
9. O-O Nf5 10. Ne2 h5 11. c3 Qb6 12. h3 Be7 13. g4 hxg4 14. hxg4 Nh4 15. Nxh4
Rxh4 16. Ng3 d4 17. c4 bxc4 18. dxc4 O-O-O 19. b3 d3 20. Be3 Nd4 21. Bxd4 Rxd4
22. Nh5 g6 23. Nf6 Bxf6 24. exf6 g5 25. Rb1 gxf4 26. Rb2 Qd8 27. Bxb7+ Kxb7 28.
Kg2 Qh8 29. Kf2 Rh2+ 0-1

[Event "10th Open"]
[Site "Dubai UAE"]
[Date "2008.04.10"]
[Round "5"]
[White "Zhang Jilin"]
[Black "Ramnath, B."]
[Result "1/2-1/2"]
[WhiteElo "2361"]
[BlackElo "2204"]
[PlyCount "84"]
[EventDate "2008.04.07"]

1. e4 c5 2. Nf3 Nc6 3. Bb5 g6 4. Bxc6 dxc6 5. d3 Bg7 6. h3 b6 7. O-O e5 8. Nc3
Ne7 9. Be3 h6 10. Ne2 O-O 11. Ng3 Kh7 12. Bd2 f5 13. exf5 gxf5 14. Nh4 Be6 15.
Re1 Qd4 16. Nf3 Qd6 17. Qe2 Ng6 18. Ng5+ Kg8 19. Nxe6 Qxe6 20. Nh5 f4 21. Nxg7
Kxg7 22. Qg4 Rf5 23. Bc3 Kh7 24. h4 h5 25. Qh3 f3 26. Re4 Rg8 27. Rae1 Qf7 28.
Bxe5 Nxe5 29. Rxe5 Rxg2+ 30. Kf1 Qg6 31. Qh1 Kh6 32. Rxf5 Qxf5 33. Re3 c4 34.
Ke1 Qg4 35. Kd2 Rxf2+ 36. Kc3 c5 37. Re4 Qg7+ 38. Kxc4 Rxc2+ 39. Kd5 Qd7+ 40.
Ke5 Qe7+ 41. Kd5 Qd7+ 42. Ke5 Qe7+ 1/2-1/2

[Event "10th Open"]
[Site "Dubai UAE"]
[Date "2008.04.10"]
[Round "5"]
[White "Wu Xibin"]
[Black "Ghader Pour, S."]
[Result "1-0"]
[WhiteElo "2351"]
[BlackElo "2177"]
[PlyCount "67"]
[EventDate "2008.04.07"]

1. e4 Nf6 2. e5 Nd5 3. d4 d6 4. c4 Nb6 5. exd6 cxd6 6. Bd3 g6 7. Ne2 Bg7 8.
Nbc3 O-O 9. b3 Nc6 10. Be3 e5 11. d5 Ne7 12. Rc1 Nf5 13. Bxf5 Bxf5 14. Qd2 a6
15. O-O h5 16. a4 h4 17. h3 Bf6 18. a5 Nd7 19. b4 Kh7 20. f3 Be7 21. Na4 Rc8
22. Rfd1 g5 23. c5 e4 24. Nd4 Bg6 25. cxd6 Rxc1 26. Qxc1 Bxd6 27. Bxg5 Qe8 28.
Nc5 Ne5 29. fxe4 Bh5 30. Rf1 Ng6 31. Bf6 Rg8 32. Rf5 Nf4 33. Rxf4 Qb8 34. Rxh4
1-0

[Event "10th Open"]
[Site "Dubai UAE"]
[Date "2008.04.12"]
[Round "6"]
[White "Gelashvili, T."]
[Black "Salem, AR."]
[Result "0-1"]
[WhiteElo "2622"]
[BlackElo "2429"]
[PlyCount "162"]
[EventDate "2008.04.07"]

1. Nf3 d5 2. e3 g6 3. c4 Nf6 4. b4 Bg7 5. Bb2 O-O 6. Qb3 a5 7. b5 Nbd7 8. d4
dxc4 9. Bxc4 Nb6 10. Bd3 Be6 11. Qc2 Nfd5 12. a3 c5 13. bxc6 Rc8 14. O-O Rxc6
15. Qe2 Qc7 16. Nbd2 Na4 17. Ne4 Bf5 18. Rab1 Rc8 19. Ba1 h6 20. Qd2 e6 21. h3
Qe7 22. g4 Bxe4 23. Bxe4 Nab6 24. Qxa5 Nc4 25. Qe1 f5 26. gxf5 gxf5 27. Bd3
Nxa3 28. Rb3 b5 29. Kh1 b4 30. Rg1 Nc2 31. Qd2 Nxa1 32. Rxa1 Rc3 33. Rbb1 b3
34. Rg1 b2 35. Rab1 Nb4 36. Ne1 Nxd3 37. Nxd3 Rc2 38. Qa5 Qb7+ 39. Kh2 Kh7 40.
Rg2 Qb8+ 41. Nf4 Rc1 42. Rxb2 Qxb2 43. Nxe6 Qb8+ 44. f4 Rg8 45. Qxf5+ Kh8 46.
Nxg7 Rxg7 47. Qf6 Qc7 48. d5 Qf7 49. Qxh6+ Rh7 50. Qg5 Rc8 51. e4 Rh5 52. Qg4
Rc3 53. Rg3 Rc2+ 54. Rg2 Rc3 55. Rg3 Rc4 56. Qe2 Rb4 57. d6 Rh6 58. Qd2 Rb7 59.
f5 Kh7 60. Qd3 Rb2+ 61. Kh1 Qa7 62. Qf3 Qd4 63. Qg4 Rb1+ 64. Kh2 Qd2+ 65. Rg2
Qxd6+ 66. Rg3 Rb2+ 67. Kh1 Qf8 68. Qf4 Qb8 69. Qg4 Rb1+ 70. Kh2 Qb2+ 71. Rg2
Qe5+ 72. Rg3 Rb2+ 73. Kh1 Rb8 74. Kh2 Re8 75. h4 Qh8 76. Qf4 Qf6 77. Kh3 Re7
78. Rg4 Rg7 79. Rxg7+ Qxg7 80. e5 Rb6 81. Qe3 Rb4 0-1

[Event "10th Open"]
[Site "Dubai UAE"]
[Date "2008.04.12"]
[Round "6"]
[White "Arutinian, D."]
[Black "Frhat, A."]
[Result "1-0"]
[WhiteElo "2593"]
[BlackElo "2393"]
[PlyCount "59"]
[EventDate "2008.04.07"]

1. d4 d5 2. c4 c6 3. Nf3 Nf6 4. Nc3 e6 5. Bg5 h6 6. Bh4 Be7 7. e3 Nbd7 8. Rc1
O-O 9. Bd3 dxc4 10. Bxc4 b5 11. Bd3 Bb7 12. O-O a6 13. Bxf6 gxf6 14. Bb1 Re8
15. Qd3 f5 16. e4 fxe4 17. Nxe4 f5 18. Ng3 Bf8 19. Qe2 c5 20. dxc5 Nxc5 21.
Rfd1 Qe7 22. Ne5 Qg5 23. b4 Na4 24. Rc7 Rac8 25. h4 Qxh4 26. Rxb7 Nc3 27. Qf3
Nxd1 28. Nxf5 Qxf2+ 29. Qxf2 Nxf2 30. Nxh6+ 1-0

[Event "10th Open"]
[Site "Dubai UAE"]
[Date "2008.04.12"]
[Round "6"]
[White "Neverov, V."]
[Black "Drozdovskij, Y."]
[Result "1/2-1/2"]
[WhiteElo "2568"]
[BlackElo "2581"]
[PlyCount "28"]
[EventDate "2008.04.07"]

1. c4 c5 2. Nf3 Nc6 3. e3 e6 4. d4 d5 5. Nc3 dxc4 6. Bxc4 Nf6 7. O-O cxd4 8.
exd4 Be7 9. d5 exd5 10. Nxd5 Nxd5 11. Qxd5 Qxd5 12. Bxd5 O-O 13. Be3 Bf6 14.
Bxc6 bxc6 1/2-1/2

[Event "10th Open"]
[Site "Dubai UAE"]
[Date "2008.04.12"]
[Round "6"]
[White "Li Chao2"]
[Black "Sadatnajafi, M."]
[Result "1-0"]
[WhiteElo "2582"]
[BlackElo "2288"]
[PlyCount "20"]
[EventDate "2008.04.07"]

1. e4 e5 2. Nf3 Nc6 3. Bc4 Nf6 4. d3 Bc5 5. c3 a6 6. Bb3 Ba7 7. O-O O-O 8. Bg5
d6 9. h3 Ne7 10. Nh4 Ng6 1-0

[Event "10th Open"]
[Site "Dubai UAE"]
[Date "2008.04.12"]
[Round "6"]
[White "Gleizerov, E."]
[Black "Adly, A."]
[Result "1/2-1/2"]
[WhiteElo "2556"]
[BlackElo "2578"]
[PlyCount "85"]
[EventDate "2008.04.07"]

1. d4 d5 2. c4 e6 3. Nf3 Nf6 4. g3 dxc4 5. Bg2 c5 6. O-O Nc6 7. dxc5 Qxd1 8.
Rxd1 Bxc5 9. Nbd2 c3 10. bxc3 O-O 11. Nb3 Be7 12. Nfd4 Bd7 13. Bg5 Rfc8 14.
Bxf6 Bxf6 15. Nc5 Nxd4 16. cxd4 Bc6 17. Nxb7 Bxg2 18. Kxg2 Rab8 19. Nc5 Bxd4
20. Rxd4 Rxc5 21. Rb1 Rf8 22. Rb7 Ra5 23. a4 g5 24. h4 h6 25. h5 Kg7 26. g4 Kf6
27. Kg3 a6 28. Ra7 Rb8 29. e3 Rb1 30. f4 Rb3 31. Kf3 Ra3 32. Rdd7 gxf4 33.
Rxf7+ Kg5 34. Rxf4 Re5 35. Rg7+ Kh4 36. Re4 Rxe4 37. Kxe4 Rxa4+ 38. Kf3 a5 39.
Rg6 e5 40. Rxh6 Rxg4 41. Ra6 e4+ 42. Kf2 Kxh5 43. Rxa5+ 1/2-1/2

[Event "10th Open"]
[Site "Dubai UAE"]
[Date "2008.04.12"]
[Round "6"]
[White "Guliev, L."]
[Black "Kotanjian, T."]
[Result "1/2-1/2"]
[WhiteElo "2434"]
[BlackElo "2570"]
[PlyCount "74"]
[EventDate "2008.04.07"]

1. e4 c5 2. Nf3 d6 3. d4 cxd4 4. Nxd4 Nf6 5. Nc3 Nc6 6. Bg5 e6 7. Qd2 a6 8.
O-O-O Bd7 9. f4 b5 10. Bxf6 gxf6 11. Kb1 b4 12. Nce2 Qb6 13. Nxc6 Bxc6 14. Ng3
Qc5 15. Bd3 h5 16. Qe2 a5 17. e5 f5 18. Nxh5 O-O-O 19. Nf6 Kc7 20. h3 dxe5 21.
fxe5 a4 22. Rhf1 Rh4 23. g4 Rxh3 24. gxf5 a3 25. Qf2 Qxe5 26. Qf4 Bd6 27. Qxe5
Bxe5 28. fxe6 fxe6 29. b3 Bf3 30. Rd2 Rf8 31. Nd7 Bc3 32. Nxf8 Bxd2 33. Nxe6+
Kd6 34. Nd4 Bg2 35. Rd1 Ke5 36. Ne2 Be3 37. Nc1 Rh1 1/2-1/2